Statistiques concernant Meilleurs buteurs saison 2022-2023

Cliquez ici pour prendre le quiz!

Statistiques générales

  • Ce quiz a été pris 160 fois
  • Le résultat moyen est 15 sur 20

Statistiques - réponses

PaysButRéponse% Correct
France52Kylian Mbappe
100%
Argentine37Lionel Messi
100%
Norvege53Erling Haaland
99%
Angleterre37Harry Kane
99%
Egypte34Mohamed Salah
99%
Pologne35Robert Lewandowski
96%
France31Karim Benzema
87%
Brésil21Neymar
84%
Canada29Jonathan David
79%
Nigeria31Victor Osimhen
78%
France23Olivier Giroud
77%
Argentine29Lautaro Martinez
68%
France24Randal Kolo Muani
66%
Brésil24Vinicius Junior
65%
France23Christopher Nkunku
62%
France31Alexandre Lacazette
59%
Angleterre33Marcus Rashford
54%
france25Wissam Ben Yedder
50%
Etats Unis/Angleterre22Folarin Balogun
35%
Nigeria22Terem Moffi
16%

Distribution des résultats

Percentile par nombre de réponses

% des personnes avec chaque résultat

Votre développement - résultats

Vous n’avez pas pris ce quiz